000 00580nmm a2200193Ia 4500
008 251105s9999||||xx |||||||||||||||||und||
020 _a9788490655122
041 _aspa
100 _aTorné, Gonzalo
245 0 _aDiarios de Grasmere y Alfoxden (1798-1803)
264 _a[Madrid, España] :
_bAlba Editorial,
_c[Fecha de publicación no identificada]
300 _a264 páginas
490 _aAlba Clásica
650 _aBiography
700 _aTorné, Gonzalo
700 1 _a Wordsworth, Dorothy
856 _uhttps://public.digitaliapublishing.com/a/80240
942 _cCF
999 _c71990
_d71990